LIBRARY & INFORMATION CENTRE, KCAET, TAVANUR

ONLINE PUBLIC ACCESS CATALOGUE (OPAC)

Samson Wright`s applied physiology / (Record no. 5701)

MARC details
000 -LEADER
fixed length control field 00435cam a2200169ua 4500
041 ## - LANGUAGE CODE
Language code of text/sound track or separate title eng
082 ## - DEWEY DECIMAL CLASSIFICATION NUMBER
Classification number 612
Item number KEE/SA
100 ## - MAIN ENTRY--AUTHOR NAME
Personal name Keele, Cyril A .
245 ## - TITLE STATEMENT
Title Samson Wright`s applied physiology /
250 ## - EDITION STATEMENT
Edition statement 11 /
260 ## - PUBLICATION, DISTRIBUTION, ETC. (IMPRINT)
Place of publication London :
Name of publisher English Language Book Society ,
Year of publication 1965.
300 ## - PHYSICAL DESCRIPTION
Number of Pages 515 ; .
700 1# - ADDED ENTRY--PERSONAL NAME
Personal name Neil, Eric .
942 ## - ADDED ENTRY ELEMENTS (KOHA)
Koha item type Books
Holdings
Withdrawn status Lost status Damaged status Home library Current library Date acquired Full call number Accession Number Koha item type
      KAUAET KAUAET 07/04/2012 612 10920 Books
free website counter